Chanson de Taylor Swift - Mort subite - Statistiques

Statistiques générales
  • Ce quiz a été pris 123 fois
  • Le résultat moyen est 13 sur 20
Answers on the Grid
Answers color-coded by a green-red scale on the quiz's grid according to % correct below.
Peter
Risk
The Man
Wrong Direction
Superficial Love
Crazier
Just A Game
Superman
Castle on the Hill
Always Been You
Already Over
Better Man
the lakes
So High School
Gorgeous
The Great War
Trust
The Way I Loved You
Nobody
Issues
Haunted
Hits Different
All Too Well
A Place in this World
mirrorball
happiness
Clean
Love Story
Come Back...Be Here
Don't Blame Me
 
Statistiques - réponses
Réponse % Correct
Love Story
90%
Don't Blame Me
83%
All Too Well
79%
The Way I Loved You
75%
Gorgeous
72%
Haunted
68%
mirrorball
68%
The Man
68%
Better Man
67%
So High School
64%
Peter
63%
The Great War
63%
Clean
61%
happiness
61%
Hits Different
61%
Superman
60%
the lakes
60%
Come Back...Be Here
57%
A Place in this World
53%
Crazier
46%
Aucun quiz correspondant
Distribution des résultats
% des personnes avec chaque résultat
Percentile par nombre de réponses
Votre historique - résultats
Vous n’avez pas pris ce quiz